000
00304nam a2200133Ia 4500
008
200103s9999||||xx |||||||||||||| ||und||
040
_a
IMU-MPC
082
_a
Column-1
100
_a
Hindship, M. V.
245
0
_a
Stability tables
260
_b
Bhandarkar Pubhications
_c
2010
300
_a
61
942
_c
BK
999
_c
2685
_d
2685